[Event "NED-ch U14"]
[Site "Almelo"]
[Date "2023.05.06"]
[Round "9"]
[White "Zootjes, Aaron"]
[Black "Chua, Ethan"]
[Result "0-1"]
[WhiteElo "1172"]
[BlackElo "1776"]
[PlyCount "38"]
[EventDate "2023.04.30"]
[EventType "swiss"]
[EventRounds "9"]
[EventCountry "NED"]
[SourceTitle "CBM 214 Extra"]
[Source "ChessBase"]
[SourceDate "2023.07.31"]
[SourceVersion "1"]
[SourceVersionDate "2023.07.31"]
[SourceQuality "1"]

1. e4 c6 2. d4 d5 3. exd5 cxd5 4. c4 Nf6 5. Nf3 Bg4 6. Nc3 e6 7. h3 Bh5 8. Bf4 Nc6 9. c5 Ne4 10. Nb5 Rc8 11. g4 Bg6 12. Qa4 a6 13. Na7 Qf6 14. Nxc8 Qxf4 15. Bg2 e5 16. 0-0 exd4 17. Nxd4 Bxc5 18. Bxe4 Bxe4 19. Nxc6 Qg3# 0-1

[Event "NED-ch U14"]
[Site "Almelo"]
[Date "2023.05.02"]
[Round "3"]
[White "Lopes, Samuel"]
[Black "Chua, Ethan"]
[Result "1/2-1/2"]
[WhiteElo "1865"]
[BlackElo "1776"]
[PlyCount "44"]
[EventDate "2023.04.30"]
[EventType "swiss"]
[EventRounds "9"]
[EventCountry "NED"]
[SourceTitle "CBM 214 Extra"]
[Source "ChessBase"]
[SourceDate "2023.07.31"]
[SourceVersion "1"]
[SourceVersionDate "2023.07.31"]
[SourceQuality "1"]

1. e4 c6 2. d4 d5 3. exd5 cxd5 4. Nf3 Nf6 5. Ne5 Nbd7 6. Bb5 a6 7. Bd3 Nxe5 8. dxe5 Nd7 9. Qe2 e6 10. 0-0 Nc5 11. c3 Bd7 12. Re1 Nxd3 13. Qxd3 Bc5 14. Qg3 Qc7 15. Nd2 0-0 16. Nb3 Kh8 17. Nxc5 Qxc5 18. Be3 Qb5 19. Rab1 Qa4 20. a3 Qc2 21. Rec1 Qg6 22. Qxg6 hxg6 1/2-1/2